000 00257nam a2200109Ia 4500
008 190216s9999||||xx |||||||||||||| ||und||
100 _aBatli Boi
245 0 _aDouble Entry Book-Keeping
260 _bNm Thripathi Pvt Ltd
_c1975
300 _a456p
942 _cBK
999 _c5080
_d5080